000 00570nam a2200205 u 4500
005 20240228064015.0
008 100615s2006 mx r 000 0 spa d
020 _a9706439420
035 _aUPN01000176584
049 _aI
050 4 _aPZ78
_bC3.54
100 1 _aCasas, Tere de las
245 1 0 _aMis valores con mis amigos /
_cTere de las Casas.
260 _aMéxico :
_bSelector,
_c2006.
300 _a70 p. :
_bil.
440 0 _aMis valores
650 4 _aLibros y lectura para niños
_92290
650 0 _aValores
_vLiteratura juvenil
_96771
905 _aInfantil
999 _c148687
_d148687